000 01040nam a2200229M 4500
001 kazaneliaarrange00newy
003 CaSfIA
005 20210118162027.0
007 cr||||
008 091125s1967 nyu 000 u eng d
040 _aDKDLA
_bdan
_cDKDLA
_dCaSfIA
035 _a(OCoLC)469679850
245 0 0 _aKazan, Elia The arrangement :
_h[electronic resource]
_bA novel.
260 _aNew York,
_c(Cop. 1967).
300 _a544 s. :
_bportr.
029 0 _aDKDLA
_b22479299
856 4 1 _uhttp://www.archive.org/details/kazaneliaarrange00newy
_zFree eBook from the Internet Archive
856 4 2 _uhttp://www.openlibrary.org/books/OL24211657M
_zAdditional information and access via Open Library
942 _cEB
506 _fНеобхідна авторизація на https://archive.org/ (створення облікового запису безкоштовно)
506 _fНеобхідна авторизація на https://openlibrary.org/ (створення облікового запису безкоштовно)
999 _c515471
_d515471